[Event "AUTO-OPEN-471"]
[Site "http://www.queenalice.com/game.php?id=138160"]
[Date "2006.12.7"]
[Round "1"]
[White "v1tti"]
[Black "emredost"]
[Result "1-0"]
[WhiteElo "1221"]
[BlackElo "1278"]

1. d4 d5 2. e3 Nf6 3. f4 Bf5 4. Ne2 Nc6 5. Ng3 Bg4 6. Qd3 a6 7. Qb3 Na5 8. Qc3
Nc6 9. Qb3 b5 10. a4 b4 11. Bd3 e6 12. a5 Bd6 13. h3 Bh5 14. Qa4 Qd7 15. Nxh5
Nxh5 16. g4 Nf6 17. Nd2 O-O 18. g5 Nh5 19. Kf2 g6 20. Nf3 f5 21. Bd2 Rfd8 22. c3
bxc3 23. Bxc3 Ne7 24. Qxd7 1-0

[Event "AUTO-OPEN-471"]
[Site "http://www.queenalice.com/game.php?id=138181"]
[Date "2006.12.7"]
[Round "1"]
[White "Kisei"]
[Black "v1tti"]
[Result "1-0"]
[WhiteElo "1536"]
[BlackElo "1186"]

1. e4 c5 2. Nf3 Nc6 3. d4 d6 4. d5 Na5 5. Nc3 e5 6. Bb5+ Bd7 7. Bxd7+ Qxd7 8.
O-O g6 9. Bd2 Nc4 10. b3 Na3 11. Bc1 Rc8 12. Bxa3 f5 13. exf5 gxf5 14. Nd2 Nf6
15. Re1 f4 16. Nde4 Ng4 17. Qxg4 Qxg4 18. Nf6+ Kd8 19. Nxg4 Rg8 20. Nf6 Rg6 21.
Nxh7 Bh6 22. Ne4 Rc7 23. Nhf6 Rcg7 24. g3 f3 25. Nxd6 Bd2 26. Rxe5 Bc3 27. Re8+
Kc7 28. Nb5+ Kb6 29. Nxc3 Rxf6 30. Bxc5+ Kxc5 31. Ne4+ Kxd5 32. Nxf6+ Kd4 33. c4
Rf7 34. Rd1+ Kc3 35. Re3+ Kb2 36. Rd2+ Kc1 37. Ne4 a5 38. Re1# 1-0

[Event "AUTO-OPEN-471"]
[Site "http://www.queenalice.com/game.php?id=138182"]
[Date "2006.12.7"]
[Round "1"]
[White "v1tti"]
[Black "Kisei"]
[Result "0-1"]
[WhiteElo "1500"]
[BlackElo "1458"]

1. d4 d5 2. Nc3 e6 3. e4 Bb4 4. Bb5+ c6 5. Ba4 dxe4 6. Qh5 Nf6 7. Qh4 Qxd4 8.
Be3 Bxc3+ 9. Kf1 Qxa4 10. Rd1 Bxb2 11. Rd4 Bxd4 12. Bd2 Qxc2 13. Qf4 Qd1+ 14.
Be1 Qd3+ 15. Ne2 Bc3 16. g4 Bxe1 17. Kxe1 Qf3 18. Qc7 Qxh1+ 19. Kd2 O-O 20. Nf4
Qxh2 21. Qe7 Qxf4+ 22. Ke1 Na6 23. g5 Ng4 24. f3 Qxf3 25. a4 Qf2+ 26. Kd1 Ne3+
27. Kc1 Qc2# 0-1

[Event "AUTO-OPEN-471"]
[Site "http://www.queenalice.com/game.php?id=138195"]
[Date "2006.12.7"]
[Round "1"]
[White "v1tti"]
[Black "BRASILOV"]
[Result "0-1"]
[WhiteElo "1242"]
[BlackElo "2111"]

1. d4 d5 2. Nf3 Nf6 3. Nc3 g6 4. e3 Bg7 5. Bb5+ Nc6 6. Ba4 O-O 7. Nh4 Bg4 8. f3
Bd7 9. O-O g5 10. Nf5 Bxf5 11. e4 dxe4 12. Nb5 a6 13. g4 axb5 14. Bb3 Bd7 15. c3
exf3 16. Qxf3 h6 17. h3 Nb8 18. h4 gxh4 19. g5 hxg5 20. Bxg5 h3 21. Rae1 c5 22.
Qg3 Ra6 23. dxc5 Qc8 24. Qf2 h2+ 25. Qxh2 Ng4 26. Qf4 Qxc5+ 27. Kg2 Bh6 28. Bxe7
Qh5 29. Bxf7+ Qxf7 30. Qxf7+ Rxf7 31. Rxf7 Kxf7 32. Kf3 Rg6 33. Bc5 b6 34. Bd4
Nc6 35. a3 Nxd4+ 0-1

[Event "AUTO-OPEN-471"]
[Site "http://www.queenalice.com/game.php?id=138196"]
[Date "2006.12.7"]
[Round "1"]
[White "BRASILOV"]
[Black "v1tti"]
[Result "1-0"]
[WhiteElo "1818"]
[BlackElo "1113"]

1. d4 d5 2. c4 Nc6 3. Nf3 dxc4 4. Nc3 Nf6 5. d5 Na5 6. Qa4+ b5 7. Qxa5 Ng4 8.
Nxb5 Qxd5 9. Nxc7+ Kd7 10. Qxd5+ Kxc7 11. Bd2 Nf6 12. Ba5+ Kb8 13. Qe5+ Kb7 14.
Qb5# 1-0

[Event "Challenge"]
[Site "http://www.queenalice.com/game.php?id=138247"]
[Date "2006.12.7"]
[Round "-"]
[White "fizzo"]
[Black "v1tti"]
[Result "1-0"]
[WhiteElo "1272"]
[BlackElo "1173"]

1. e4 d5 2. exd5 Nf6 3. Qf3 Bg4 4. Qb3 c6 5. h3 Bh5 6. g4 Bg6 7. dxc6 Nxc6 8.
Qxb7 Be4 9. f3 Bd5 10. Nc3 e5 11. Nxd5 Qxd5 12. Qxa8+ Nd8 13. Qxa7 Bc5 14. Bb5+
Kf8 15. Qa6 e4 16. d4 exd3 17. cxd3 Bb4+ 18. Bd2 Qc5 19. Qa8 Qb6 20. Bxb4+ Kg8
21. Ne2 Nd5 22. Qxd5 Ne6 23. Qa8+ Nd8 24. Bc5 g5 25. Bxb6 f5 26. Qxd8+ Kf7 27.
Qxh8 f4 28. Qxh7+ Ke6 29. Qg6+ Kd5 30. Qxg5+ Ke6 31. Qxf4 Ke7 32. Rc1 Ke6 33.
Rc7 Kd5 34. Qf5+ Kd6 35. Qf7 Ke5 36. Re7+ Kd6 37. Qe6# 1-0

[Event "Challenge"]
[Site "http://www.queenalice.com/game.php?id=140089"]
[Date "2006.12.12"]
[Round "-"]
[White "prof_zeco"]
[Black "v1tti"]
[Result "1/2-1/2"]
[WhiteElo "1426"]
[BlackElo "1113"]

1. d4 Nf6 2. Nc3 d5 3. Nf3 g6 4. Bf4 Bg7 5. e3 O-O 6. h3 Nc6 7. Bd3 h6 8. Ne5 g5
9. Nxc6 bxc6 10. Be5 Nd7 11. Bxg7 Kxg7 12. Qh5 Nf6 13. Qf3 Rb8 14. Na4 Rb4 15.
b3 Bd7 16. Nc5 Bc8 17. h4 Bg4 18. Qg3 Nh5 19. Qxg4 Nf6 20. Qg3 g4 21. f3 Qd6 22.
f4 h5 23. O-O-O Nd7 24. Nxd7 Qxd7 25. Rdf1 Qd6 26. Qf2 c5 27. c3 Rbb8 28. Re1 c4
29. Bc2 e6 30. f5 cxb3 31. Bxb3 c5 32. Qf4 Qxf4 33. exf4 cxd4 34. fxe6 fxe6 35.
Rxe6 Rxf4 36. Rhe1 dxc3 37. Re7+ Kf8 38. Bxd5 Rf5 39. Rh7 Rxd5 40. Rh8+ Kf7 41.
Rxb8 Rd2 42. Rb7+ Kf6 43. Rbe7 Rxg2 44. R1e6+ Kf5 45. Re5+ Kf4 46. Rxh5 Rxa2 47.
Ree5 g3 48. Rhf5+ Kg4 49. Rg5+ Kxh4 50. Rg8 Ra1+ 51. Kc2 Ra2+ 52. Kxc3 Ra4 53.
Re7 Kh3 54. Rh7+ Kg2 55. Kb3 Rf4 56. Rhg7 Rf3+ 57. Kc2 Rf2+ 58. Kd3 Rf3+ 59. Ke4
Ra3 60. Kd5 Kh2 61. Kc5 a6 62. Kb4 Rf3 63. Ka5 Ra3+ 64. Kb6 a5 65. Rc8 g2 66.
Rc2 Rg3 67. Rh7+ Rh3 68. Rxh3+ Kxh3 69. Rxg2 Kxg2 70. Kxa5 Kh2 1/2-1/2

[Event "Challenge"]
[Site "http://www.queenalice.com/game.php?id=140246"]
[Date "2006.12.12"]
[Round "-"]
[White "Fredov"]
[Black "v1tti"]
[Result "1-0"]
[WhiteElo "1770"]
[BlackElo "1259"]

1. e4 e5 2. Nf3 Nf6 3. d4 Bd6 4. dxe5 O-O 5. exf6 gxf6 6. Bc4 Re8 7. Nc3 f5 8.
Ng5 Re7 9. Qh5 Be5 10. Qxh7+ Kf8 11. Nxf7 f4 12. Qh6+ Bg7 13. Qxf4 Ke8 14. Nxd8
c6 15. Nf7 d5 16. Nd6+ Kd8 17. Nxc8 Kxc8 18. Bxd5 cxd5 19. Nxd5 1-0

[Event "Challenge"]
[Site "http://www.queenalice.com/game.php?id=142393"]
[Date "2006.12.16"]
[Round "-"]
[White "v1tti"]
[Black "Twinigo"]
[Result "1-0"]
[WhiteElo "1158"]
[BlackElo "1978"]

1. d4 Nf6 2. Nf3 c5 3. d5 b5 4. e3 Bb7 5. Bxb5 Qa5+ 6. Nc3 Nxd5 7. Ne5 Bc6 8.
Nxc6 dxc6 9. Qxd5 Qxb5 10. Nxb5 cxd5 11. Nc7+ Kd7 12. Nxa8 g6 13. e4 dxe4 14.
Bf4 Na6 15. O-O-O+ Kc8 16. Rhe1 f5 17. Re3 Bg7 18. Ra3 e5 19. Bg5 h6 20. Rxa6
hxg5 21. Rxa7 Bh6 22. Nb6+ 1-0

[Event "Challenge"]
[Site "http://www.queenalice.com/game.php?id=142394"]
[Date "2006.12.16"]
[Round "-"]
[White "v1tti"]
[Black "E2TO"]
[Result "1-0"]
[WhiteElo "1158"]
[BlackElo "1599"]

1. d4 Nf6 2. Nf3 e6 3. Bf4 b6 4. e3 Bb7 5. Be2 Be7 6. h3 O-O 7. O-O Ne4 8. Nbd2
f5 9. c3 d6 10. Qb3 d5 11. Rad1 c5 12. Qa4 Bc6 13. Qc2 c4 14. Ne5 a6 15. Nxe4
fxe4 16. f3 exf3 17. Bxf3 Qe8 18. Bg4 Bd6 19. Ng6 Bxf4 20. Nxf8 Bxe3+ 21. Kh1
Nd7 22. Qxh7# 1-0

[Event "AUTO-OPEN-483"]
[Site "http://www.queenalice.com/game.php?id=142405"]
[Date "2006.12.16"]
[Round "1"]
[White "braseiko"]
[Black "v1tti"]
[Result "1-0"]
[WhiteElo "1888"]
[BlackElo "1259"]

1. e4 e5 2. Nf3 Nc6 3. Bc4 Nf6 4. Ng5 d5 5. exd5 Na5 6. Bb5+ Bd7 7. Bxd7+ Qxd7
8. d3 Nxd5 9. Qf3 f5 10. O-O O-O-O 11. Nc3 Nxc3 12. bxc3 h6 13. Nh3 g5 14. Qe3
Nc6 15. Kh1 g4 16. Ng1 f4 17. Qe4 Rg8 18. Bd2 Qf7 19. Rfb1 Bc5 20. Be1 f3 21. g3
1-0

[Event "AUTO-OPEN-483"]
[Site "http://www.queenalice.com/game.php?id=142406"]
[Date "2006.12.16"]
[Round "1"]
[White "v1tti"]
[Black "braseiko"]
[Result "1-0"]
[WhiteElo "1259"]
[BlackElo "1843"]

1. d4 e6 2. e4 c5 3. Nf3 cxd4 4. Nxd4 Nc6 5. Nc3 Bb4 6. Nxc6 bxc6 7. Qd4 Qa5 8.
Qxg7 f6 9. Bd2 Ba6 10. Qxh8 O-O-O 11. Bxa6+ Qxa6 12. Qxh7 Ne7 13. O-O-O f5 14.
Bg5 Re8 15. Qf7 Bxc3 16. Qxe8+ Kc7 17. Rxd7+ Kb6 18. Qb8+ 1-0

[Event "AUTO-OPEN-483"]
[Site "http://www.queenalice.com/game.php?id=142433"]
[Date "2006.12.16"]
[Round "1"]
[White "v1tti"]
[Black "douglasmy"]
[Result "0-1"]
[WhiteElo "1259"]
[BlackElo "1821"]

1. d4 e6 2. c4 d5 3. Nc3 Bb4 4. e3 Bxc3+ 5. bxc3 Qg5 6. Nf3 Qg6 7. Bd3 f5 8. O-O
dxc4 9. Bxc4 Ne7 10. Ne5 Qh6 11. e4 Qf6 12. exf5 Qxf5 13. Bd3 Qf6 14. Qh5+ g6
15. Qg4 Nd7 16. Bg5 Nxe5 17. Bxf6 Nxg4 18. Bxh8 Nh6 19. Rfe1 Bd7 0-1

[Event "AUTO-OPEN-483"]
[Site "http://www.queenalice.com/game.php?id=142434"]
[Date "2006.12.16"]
[Round "1"]
[White "douglasmy"]
[Black "v1tti"]
[Result "1-0"]
[WhiteElo "1819"]
[BlackElo "1259"]

1. e4 e6 2. d4 d5 3. e5 c5 4. c3 Nc6 5. Qg4 cxd4 6. cxd4 Qb6 7. Nf3 Nh6 8. Qh3
Nf5 9. Bd3 Nfxd4 10. O-O Nxf3+ 11. Qxf3 Nxe5 12. Qg3 Nxd3 13. Qxd3 Bd7 14. Nc3
Rc8 15. b3 Bb4 16. Na4 Qa5 17. Bb2 Bb5 18. Qg3 Bxf1 19. Rxf1 1-0

[Event "Challenge"]
[Site "http://www.queenalice.com/game.php?id=144329"]
[Date "2006.12.21"]
[Round "-"]
[White "v1tti"]
[Black "prof_zeco"]
[Result "1-0"]
[WhiteElo "1158"]
[BlackElo "1451"]

1. e4 c5 2. Nf3 g6 3. Nc3 Bg7 4. d4 cxd4 5. Nxd4 Nc6 6. Be3 Nf6 7. Nxc6 bxc6 8.
e5 Ng4 9. Qxg4 Bxe5 10. O-O-O Rb8 11. Bxa7 Ra8 12. Bd4 Bxd4 13. Rxd4 d6 14. Qh4
c5 15. Ra4 Be6 16. Bb5+ Bd7 17. Rxa8 Qxa8 18. Re1 e6 19. Qf6 1-0